| 000 | 00402cam a2200157ua 4500 | ||
|---|---|---|---|
| 003 | OSt | ||
| 008 | 180814b ||||| |||| 00| 0 eng d | ||
| 100 | _aPunmia, B C;. | ||
| 245 | _aText book of building construction / | ||
| 250 | _a5 / | ||
| 260 |
_aNew Delhi : _bLaxmi publications , _c2006. |
||
| 300 | _a ; . | ||
| 700 | 1 | _aJain, Arun Kumar . | |
| 700 | 1 | _aJain, Ashok Kumar ;. | |
| 942 | _cBK | ||
| 999 |
_c12994 _d12994 |
||